Statistics for Indian States by Borders in 30 Seconds

Click here to take the quiz!

General Stats

  • This quiz has been taken 1,102 times
    (431 since last reset)
  • The average score is 24 of 37

Answer Stats

Borders States % Correct
Bihar, Chhattisgarh, Delhi, Haryana, Himachal Pradesh, Jharkhand, Madhya Pradesh Rajasthan, UttarakhandUttar Pradesh
90%
Gujarat, Haryana, Madhya Pradesh, Punjab, Uttar PradeshRajasthan
89%
Gujarat, Maharashtra, Rajasthan, Uttar PradeshMadhya Pradesh
87%
Delhi, Himachal Pradesh, Punjab, Rajasthan, Uttar PradeshHaryana
86%
Andhra Pradesh, Goa, Kerala, Maharashtra, Tamil Nadu, TelanganaKarnataka
84%
Chhattisgarh, Dadra and Nagar Haveli, Goa, Gujarat, Karnataka, Madhya Pradesh, TelanganaMaharashtra
84%
Chandigarh, Haryana, Jammu and Kashmir, Punjab, Uttarakhand, Uttar PradeshHimachal Pradesh
83%
Chandigarh, Haryana, Himachal Pradesh, RajasthanPunjab
83%
Dadra and Nagar Haveli, Daman and Diu, Madhya Pradesh, Maharashtra, RajasthanGujarat
83%
Jharkhand, Madhya Pradesh, Maharashtra, Odisha, Telangana, Uttar PradeshChhattisgarh
81%
Bihar, Chhattisgarh, Odisha, Uttar Pradesh, West BengalJharkhand
76%
Assam, Bihar, Jharkhand, Odisha, SikkimWest Bengal
75%
Andhra Pradesh, Karnataka, Kerala, PuducherryTamil Nadu
74%
Himachal Pradesh, Jammu and KashmirLadakh
73%
Himachal Pradesh, LadakhJammu and Kashmir
73%
Chhattisgarh, Karnataka, Odishu, Puducherry, Tamil Nadu, TelanganaAndhra Pradesh
73%
Karnataka, Puducherry, Tamil NaduKerala
72%
Jharkhand, Uttar Pradesh, West BengalBihar
72%
Arunachal Pradesh, Manipur, Mizoram, Meghalaya, Nagaland, West BengalAssam
71%
Andhra Pradesh, Chhattisgarh, Karnataka, MaharashtraTelangana
68%
Andhra Pradesh, Chhattisgarh, Jharkhand, West BengalOdisha
66%
Haryana, Uttar PradeshDelhi
65%
Karnataka, MaharashtraGoa
65%
Haryana, Himachal Pradesh, Uttar PradeshUttarakhand
62%
Assam, NagalandArunachal Pradesh
60%
Arunachal Pradesh, AssamNagaland
60%
Assam, Mizoram, NagalandManipur
59%
Andhra Pradesh, Kerala, Tamil NaduPuducherry
58%
Assam, Manipur, TripuraMizoram
56%
Assam, MizoramTripura
55%
AssamMeghalaya
53%
West BengalSikkim
52%
Gujarat, MaharashtraDadra and Nagar Haveli
47%
Haryana, PunjabChandigarh
41%
GujaratDaman and Diu
27%
No BordersAndaman and Nicobar Islands
14%
No BordersLakshadweep
7%

Score Distribution

Percentile by Number Answered

Percent of People with Each Score

Your Score History

You have not taken this quiz since the last reset